000 00393nam a22001457a 4500
999 _c7639
_d7637
005 20210316151639.0
008 210316b ||||| |||| 00| 0 eng d
082 _a346.066
100 _aAIYAR,A.N
_96466
245 _aCOMPANY CASES THE CORPORATE LAW WEEKLY [VOL- 123]
260 _aCHENNAI
_bTHE COMPANY INSTITUTE OF INDIA
_c2005
300 _a887; i-xl,p
650 _aLAW
_95701
942 _cJRL